Ekonomika a organizácia práce
Guardado en:
| Autor principal: | |
|---|---|
| Autor Corporativo: | |
| Otros Autores: | , , , , , |
| Formato: | Libro |
| Lenguaje: | eslovaco |
| Publicado: |
Bratislava
Edičné stredisko Vysokej školy ekonomickej
1987
|
| Etiquetas: |
Sin Etiquetas, Sea el primero en etiquetar este registro!
|
MARC
| LEADER | 00000nam a2200000 4500 | ||
|---|---|---|---|
| 001 | c111724 | ||
| 005 | 20240502071316.6 | ||
| 041 | 0 | |a slo | |
| 044 | |a SK | ||
| 245 | 1 | 0 | |a Ekonomika a organizácia práce |c Eva Stračárová a kolektív |
| 264 | 1 | |a Bratislava |b Edičné stredisko Vysokej školy ekonomickej |c 1987 | |
| 300 | |a 295 s. | ||
| 100 | 1 | |a Stračárová, Eva | |
| 700 | 1 | |a Kachaňáková, Anna | |
| 700 | 1 | |a Rudy, Ján | |
| 700 | 1 | |a Lénártová, Gizela | |
| 700 | 1 | |a Demko, Peter | |
| 700 | 1 | |a Czíria, Ľudovít | |
| 700 | 1 | |a Kráľovič, Jozef | |
| 710 | 2 | |a Vysoká škola ekonomická v Bratislave. Fakulta ekonomiky a riadenia výrobných odvetví | |